Attrition of Teachers in Private Schools: Problems Causes and Remedies/ (Record no. 213933)

MARC details
000 -LEADER
fixed length control field 00589nam a22001937a 4500
005 - DATE AND TIME OF LATEST TRANSACTION
control field 20251216104358.0
010 ## - LCCN (DPL NO)
LC control number ENG-147299
020 ## - INTERNATIONAL STANDARD BOOK NUMBER
International Standard Book Number 9789389934915
Terms of availability 950.00
035 ## - SYSTEM CONTROL NUMBER
System control number EN-130831
037 ## - SOURCE OF ACQUISITION
Source of stock number/acquisition DBAD
082 ## - DEWEY DECIMAL CLASSIFICATION NUMBER
Classification number 649.1
Edition number 1
100 ## - MAIN ENTRY--PERSONAL NAME
Personal name Patel, Mukti
245 ## - TITLE STATEMENT
Title Attrition of Teachers in Private Schools: Problems Causes and Remedies/
Statement of responsibility, etc Mukti Patel
250 ## - EDITION STATEMENT
Edition statement 1
260 ## - PUBLICATION, DISTRIBUTION, ETC. (IMPRINT)
Place of publication, distribution, etc New Delhi
Name of publisher, distributor, etc Allied Publishers Pvt Ltd.
Date of publication, distribution, etc 2025
270 ## - ADDRESS
Address A-104, Mayapuri, Phase-II
City New Delhi
Postal code 110064
300 ## - PHYSICAL DESCRIPTION
Extent 326p.
Dimensions 24cm.(pb)
942 ## - ADDED ENTRY ELEMENTS (KOHA)
Source of classification or shelving scheme Dewey Decimal Classification
Item type English Books
Classification part 649.1
Call number suffix PAT
Holdings
Withdrawn status Lost status Not for loan Collection code Home library Current library Date acquired Source of acquisition Cost, normal purchase price Full call number Barcode Copy number Cost, replacement price Koha item type
      Non-fiction Sarojini Nagar Sarojini Nagar 16/12/2025 Delivery of Books Act Division 950.00 649.1 PAT EN-130831 1 950.00 English Books

© Delhi Public Library
Hit Counter
free hit counter